| 000 | 01121nam a22002057a 4500 | ||
|---|---|---|---|
| 999 |
_c56812 _d56812 |
||
| 003 | Ge_BSU | ||
| 005 | 20190502104824.0 | ||
| 008 | 190502s2006 ge ||||| |||| 00| 0 geo d | ||
| 020 | _a9994036157 | ||
| 041 | _ageo | ||
| 080 | _a339.13 ხ-96 | ||
| 100 |
_aხუციშვილი, ჯანსუღ _9620 |
||
| 245 |
_aსაერთაშორისო მიმოწერა = Международная переписка = International Correspondence = Internatinaler Briefwechsel : _bწერილები, რეკლამა, ელ. ფოსტა, კონტრაქტი] : ბიზნესმენის სამაგიდო წიგნი : ოთხენოვანი გამოც. / _cავტ.: ჯანსუღ ხუციშვილი. |
||
| 250 | _aმე-3 გამოც. დამატ. გერმ. ვერსიით. | ||
| 300 | _a278 გვ. | ||
| 546 | _aოთხენოვანი გამოცემა | ||
| 653 | _aბიზნესი | ||
| 653 | _aსაერთაშორისო მიმოწერა | ||
| 942 |
_2udc _cBK |
||